[Event "Mondiale Semilampo FIDE 2024"]
[Site "New York"]
[Date "27.12.2024"]
[Round "6.13"]
[White "Yu, Yangyi"]
[Black "Lomasov, Semyon"]
[Result "1/2-1/2"]
[WhiteTitle "GM"]
[BlackTitle "GM"]
[WhiteElo "2724"]
[BlackElo "2559"]
[WhiteFideId "8603820"]
[BlackFideId "24164879"]
[EventDate "26.12.2024"]

1. d4 e6 2. c4 Nf6 3. Nc3 Bb4 4. e3 b6 5. Ne2 Ne4 6. Qc2 Bb7 7. a3 Bxc3+ 8. Nxc3
Nxc3 9. Qxc3 d6 10. h4 Nd7 11. b4 a5 12. b5 f5 13. Bb2 Qe7 14. O-O-O O-O-O 15.
Qc2 Rhg8 16. f3 h6 17. Bd3 g5 18. hxg5 Qxg5 19. Rde1 Qxg2 20. Qxg2 Rxg2 21. Rxh6
Bxf3 22. Rxe6 Be4 23. Bxe4 fxe4 24. Rxe4 Rh8 25. Kb1 Rhh2 26. Bc1 Rc2 27. Re8+
Kb7 28. Re7 Nf6 29. Re6 Nd7 30. Re7 Nf6 31. Re6 Nd7 32. Re7 1/2-1/2

[Event "Mondiale Semilampo FIDE 2024"]
[Site "New York"]
[Date "27.12.2024"]
[Round "6.27"]
[White "So, Wesley"]
[Black "Vokhidov, Shamsiddin"]
[Result "1-0"]
[WhiteTitle "GM"]
[BlackTitle "GM"]
[WhiteElo "2747"]
[BlackElo "2681"]
[WhiteFideId "5202213"]
[BlackFideId "14204223"]
[EventDate "26.12.2024"]

1. d4 Nf6 2. Nc3 d5 3. Bf4 c5 4. e3 cxd4 5. exd4 a6 6. Nf3 Nc6 7. Ne5 Bd7 8. Be3
e6 9. Bd3 Bd6 10. Nxc6 Bxc6 11. O-O O-O 12. Re1 Rc8 13. Bg5 h6 14. Bh4 Be7 15.
Qd2 Qb6 16. Rab1 Ne4 17. Nxe4 Bxh4 18. Ng3 Bg5 19. Qd1 Ba4 20. Ne2 Rc7 21. Nc3
Bd7 22. Ne2 Qd6 23. c3 b5 24. g3 b4 25. h4 Bf6 26. Qd2 a5 27. Nf4 bxc3 28. bxc3
Rfc8 29. Rec1 a4 30. Bf1 Qa3 31. Ba6 Ra8 32. Bf1 Be7 33. Rc2 Bd6 34. Ng2 Rac8
35. Ba6 Ra8 36. Bf1 Rac8 37. Ba6 Rd8 38. Ne3 Be7 39. Bd3 Qd6 40. Ng4 Be8 41. Ne5
Rcc8 42. Rcb2 Qa3 43. Rc2 Rb8 44. Rcb2 Bd6 45. Rxb8 Rxb8 46. Rxb8 Bxb8 47. Ng4
Kf8 48. c4 dxc4 49. Bxc4 Ba7 50. Qf4 Qe7 51. Ne5 Kg8 52. Qe4 Qd8 53. d5 exd5 54.
Bxd5 Qd6 55. Kg2 Kf8 56. Bc6 Qd4 57. Ng6+ Kg8 58. Qxe8+ Kh7 59. Nf8+ 1-0

[Event "Mondiale Semilampo FIDE 2024"]
[Site "New York"]
[Date "27.12.2024"]
[Round "6.28"]
[White "Praggnanandhaa, R"]
[Black "Woodward, Andy"]
[Result "1-0"]
[WhiteTitle "GM"]
[BlackTitle "GM"]
[WhiteElo "2737"]
[BlackElo "2530"]
[WhiteFideId "25059530"]
[BlackFideId "30953499"]
[EventDate "26.12.2024"]

1. e4 c5 2. Nf3 d6 3. d4 cxd4 4. Nxd4 Nf6 5. Nc3 a6 6. Bd2 e5 7. Nf5 Nxe4 8.
Nxg7+ Bxg7 9. Nxe4 d5 10. Ng3 Nc6 11. Be2 Be6 12. O-O f5 13. Nh5 Rg8 14. b4 Bh8
15. f4 e4 16. Rb1 d4 17. a4 Ne7 18. b5 a5 19. b6 Nd5 20. Ng3 Nc3 21. Bxc3 dxc3
22. Bb5+ Kf8 23. Qh5 Qxb6+ 24. Kh1 Qc5 25. Nxe4 Qd5 26. Ng5 Bf6 27. Rbd1 Qa2 28.
Qh6+ Ke7 29. Nxe6 Qxc2 30. Rd7+ 1-0

[Event "Mondiale Semilampo FIDE 2024"]
[Site "New York"]
[Date "27.12.2024"]
[Round "6.32"]
[White "Niemann, Hans Moke"]
[Black "Svane, Frederik"]
[Result "1/2-1/2"]
[WhiteTitle "GM"]
[BlackTitle "GM"]
[WhiteElo "2734"]
[BlackElo "2668"]
[WhiteFideId "2093596"]
[BlackFideId "12923044"]
[EventDate "26.12.2024"]

1. e4 e5 2. Nf3 Nc6 3. Bc4 Bc5 4. c3 Nf6 5. d3 O-O 6. Nbd2 a5 7. O-O d6 8. h3
Be6 9. Bb5 Ba7 10. Re1 Ne7 11. d4 Ng6 12. Ba4 Nh5 13. Nf1 Nhf4 14. Ng3 exd4 15.
cxd4 d5 16. Bxf4 Nxf4 17. Qd2 dxe4 18. Rxe4 Ng6 19. Bb3 Bd5 20. Bxd5 Qxd5 21.
Rae1 Rad8 22. h4 f5 23. Re6 f4 24. Nf1 Bxd4 25. h5 Nh8 26. Qxd4 Qxd4 27. Nxd4
Rxd4 28. Nh2 Rd7 29. Nf3 Nf7 30. Re7 Rxe7 31. Rxe7 Rc8 32. Kf1 g6 33. hxg6 hxg6
34. Rd7 Kf8 35. Rd4 Rd8 36. Rxf4 Kg7 37. Ke2 Rd5 38. Ke3 Nd6 39. Nd4 g5 40. Rg4
Nc4+ 41. Ke4 Re5+ 42. Kd3 Nxb2+ 43. Kc2 Nc4 44. Nf3 Rc5 45. Rxg5+ Rxg5 46. Nxg5
Kf6 47. Nf3 Nd6 48. Kd3 c5 49. a4 b5 50. axb5 Nxb5 51. Kc4 Nd6+ 52. Kd5 Nb5 53.
Kxc5 Nc3 54. Nd2 Nd1 55. f3 Ne3 56. g3 a4 57. Kb4 Nf5 58. g4 Ne3 59. Nc4 Ng2 60.
Kxa4 Kg5 61. Nd6 Nh4 62. Ne4+ Kf4 63. g5 Kxf3 64. g6 Nxg6 1/2-1/2

[Event "Mondiale Semilampo FIDE 2024"]
[Site "New York"]
[Date "27.12.2024"]
[Round "6.36"]
[White "Ghosh, Diptayan"]
[Black "Volokitin, Andrei"]
[Result "1-0"]
[WhiteTitle "GM"]
[BlackTitle "GM"]
[WhiteElo "2569"]
[BlackElo "2649"]
[WhiteFideId "5045207"]
[BlackFideId "14107090"]
[EventDate "26.12.2024"]

1. d4 Nf6 2. Nf3 d5 3. e3 c5 4. Be2 Nc6 5. O-O Bg4 6. h3 Bxf3 7. Bxf3 cxd4 8.
exd4 e6 9. c3 Bd6 10. Nd2 b5 11. Be2 Qb6 12. Nf3 O-O 13. Be3 Rab8 14. Bd3 b4 15.
c4 dxc4 16. Bxc4 Qa5 17. Rc1 Ne7 18. Re1 Rbc8 19. Bg5 Ned5 20. Ne5 h6 21. Bxf6
Nxf6 22. Nxf7 Rxf7 23. Bxe6 Rf8 24. Rc6 Bb8 25. Qb3 Qd8 26. Bxf7+ Rxf7 27. Qe6
Nd7 28. Re3 Nf8 29. Qc4 Qd7 30. Rf3 Qe8 31. g3 Qe7 32. Kg2 a5 33. Ra6 Qb7 34.
Qxf7+ Qxf7 35. Rxf7 Kxf7 36. Rxa5 Ke6 37. Kf3 Nd7 38. a4 bxa3 39. bxa3 Bc7 40.
Rb5 Nb6 41. Ke4 Nc4 42. Rc5 Nd6+ 43. Kd3 Bb6 44. Rc6 Bd8 45. a4 Kd7 46. Rc5 Bb6
47. Re5 Nf7 48. Rb5 Kc6 49. f4 Nd6 50. Re5 Bd8 51. a5 Nf7 52. Rc5+ Kb7 53. Ke4
Ka6 54. Kf5 Bf6 55. Rd5 Nd8 56. g4 Nb7 57. g5 hxg5 58. fxg5 Bd8 59. Kg6 Bxa5 60.
Kxg7 Bc3 61. Kf7 Kb6 62. g6 Kc6 63. Ke6 1-0

[Event "Mondiale Semilampo FIDE 2024"]
[Site "New York"]
[Date "27.12.2024"]
[Round "6.37"]
[White "Grebnev, Aleksey"]
[Black "Le, Quang Liem"]
[Result "1/2-1/2"]
[WhiteTitle "GM"]
[BlackTitle "GM"]
[WhiteElo "2555"]
[BlackElo "2739"]
[WhiteFideId "34189030"]
[BlackFideId "12401137"]
[EventDate "26.12.2024"]

1. d4 Nf6 2. c4 e6 3. Nc3 d5 4. cxd5 exd5 5. Bg5 c6 6. e3 h6 7. Bh4 Be7 8. Bd3
O-O 9. Nge2 Re8 10. O-O a5 11. Rc1 Nbd7 12. h3 Nh5 13. Bxe7 Qxe7 14. Qd2 Nb6 15.
Rfe1 a4 16. Nf4 Qg5 17. Nxh5 Qxh5 18. e4 Be6 19. e5 Nc4 20. Bxc4 dxc4 21. Ne4 a3
22. Nd6 Red8 23. bxa3 Rxa3 24. Nxc4 Ra4 25. Nd6 Rxa2 26. Qf4 Rb2 27. Rc3 Qg5 28.
Qxg5 hxg5 29. Ra1 Rb4 30. Ra7 Rxd4 31. Rxb7 Rd1+ 32. Kh2 Re1 33. Re3 Rxe3 34.
fxe3 Rd7 35. Rxd7 Bxd7 36. Ne4 Kh7 37. Nc5 Bc8 38. Kg3 Kg6 39. e4 f5 40. Kf3 f4
41. g3 Bxh3 42. gxf4 gxf4 43. Kxf4 Kf7 44. Kg5 Bc8 45. Kh5 Be6 46. Kg5 Bc8 47.
Kh5 Be6 1/2-1/2

[Event "Mondiale Semilampo FIDE 2024"]
[Site "New York"]
[Date "27.12.2024"]
[Round "6.43"]
[White "Fressinet, Laurent"]
[Black "Vakhidov, Jakhongir"]
[Result "0-1"]
[WhiteTitle "GM"]
[BlackTitle "GM"]
[WhiteElo "2588"]
[BlackElo "2546"]
[WhiteFideId "608742"]
[BlackFideId "14201801"]
[EventDate "26.12.2024"]

1. e4 c5 2. Nf3 d6 3. Bb5+ Nd7 4. a4 Nf6 5. Nc3 a6 6. Be2 g6 7. O-O Bg7 8. a5 b5
9. axb6 Bb7 10. d3 a5 11. Nd2 Nxb6 12. f4 O-O 13. Bf3 Nfd7 14. Qe1 e6 15. e5
Bxf3 16. Nxf3 dxe5 17. fxe5 Nxe5 18. Nxe5 Qd4+ 19. Kh1 Qxe5 20. Ne4 c4 21. Bf4
Qb5 22. dxc4 Nxc4 23. b3 Nb6 24. Qh4 Qh5 25. Qf2 Nd5 26. Bd6 Bxa1 27. Bxf8 Rxf8
28. Rxa1 Qe5 29. Re1 Qf4 30. Qc5 f5 31. Nd6 Qb4 32. Qxb4 Nxb4 33. c4 Nd3 34. Ra1
Rb8 35. Nb5 Nc5 36. Rxa5 Nxb3 37. Ra6 e5 38. Kg1 e4 39. Ra7 Nd2 40. Nd6 e3 41.
Ra1 Rd8 42. c5 Nb3 43. Nb7 Rb8 44. Rb1 0-1

[Event "Mondiale Semilampo FIDE 2024"]
[Site "New York"]
[Date "27.12.2024"]
[Round "6.66"]
[White "Escobar Forero, Alder"]
[Black "Aravindh, Chithambaram VR."]
[Result "0-1"]
[WhiteTitle "GM"]
[BlackTitle "GM"]
[WhiteElo "2420"]
[BlackElo "2718"]
[WhiteFideId "4400801"]
[BlackFideId "5072786"]
[EventDate "26.12.2024"]

1. e4 c5 2. Nf3 e6 3. d4 cxd4 4. Nxd4 a6 5. c4 Nf6 6. Nc3 Qc7 7. a3 b6 8. Bd3
Bb7 9. Qe2 d6 10. Be3 Nbd7 11. O-O Be7 12. Rfc1 Ne5 13. f3 O-O 14. Bb1 Rac8 15.
b3 Qb8 16. Kh1 Rfe8 17. a4 Bd8 18. Bg1 Bc7 19. b4 d5 20. c5 bxc5 21. bxc5 Ba5
22. Nb3 dxe4 23. Nxe4 Bxe4 24. Nxa5 Bd5 25. Bd4 Ng6 26. Qxa6 Qf4 27. Bxg6 Qxd4
28. Be4 Ra8 29. Qb5 Nxe4 30. fxe4 Qxe4 31. Rg1 Reb8 32. Rae1 Rxb5 0-1

[Event "Mondiale Semilampo FIDE 2024"]
[Site "New York"]
[Date "27.12.2024"]
[Round "7.1"]
[White "Dardha, Daniel"]
[Black "Carlsen, Magnus"]
[Result "1/2-1/2"]
[WhiteTitle "GM"]
[BlackTitle "GM"]
[WhiteElo "2639"]
[BlackElo "2831"]
[WhiteFideId "240990"]
[BlackFideId "1503014"]
[EventDate "26.12.2024"]

1. e4 d6 2. d4 Nf6 3. Nc3 e5 4. Nf3 Nbd7 5. g3 Be7 6. Bg2 O-O 7. O-O c6 8. a4 b6
9. Nh4 g6 10. Be3 Re8 11. f4 Ba6 12. Re1 Bf8 13. Nf3 Bg7 14. dxe5 dxe5 15. f5
Qe7 16. Bf1 Bxf1 17. Rxf1 Rad8 18. Nd2 Qb4 19. Rb1 Nc5 20. Qf3 Nxa4 21. Nxa4
Qxa4 22. b3 Qb4 23. Rf2 Qc3 24. Nf1 Qb4 25. Nd2 b5 26. Bg5 Rd6 27. c3 Qa5 28.
Nf1 h6 29. Bxf6 Bxf6 30. b4 Qc7 31. Ne3 h5 32. Rbf1 Red8 33. h4 Qe7 34. Kh1 Kh7
35. g4 Bxh4 36. Rh2 g5 37. f6 Qe6 38. Rxh4 gxh4 39. g5 Kg8 40. Nf5 R6d7 41. Qxh5
Qc4 42. Kg1 Qxe4 43. Nh6+ Kf8 44. Nf5 Kg8 45. Nh6+ Kf8 46. Nf5 1/2-1/2

[Event "Mondiale Semilampo FIDE 2024"]
[Site "New York"]
[Date "27.12.2024"]
[Round "7.2"]
[White "Naroditsky, Daniel"]
[Black "Abdusattorov, Nodirbek"]
[Result "1-0"]
[WhiteTitle "GM"]
[BlackTitle "GM"]
[WhiteElo "2619"]
[BlackElo "2777"]
[WhiteFideId "2026961"]
[BlackFideId "14204118"]
[EventDate "26.12.2024"]

1. e4 c6 2. Nf3 d5 3. exd5 cxd5 4. d4 Nf6 5. Ne5 Nc6 6. Bb5 Bd7 7. Nxd7 Qxd7 8.
c3 e6 9. O-O Bd6 10. Nd2 O-O 11. Re1 Qc7 12. g3 Rfe8 13. Nf3 Ne4 14. Ng5 f5 15.
Qh5 g6 16. Qh6 a6 17. Bf1 e5 18. Nxe4 dxe4 19. Bg5 Qf7 20. b3 exd4 21. Bc4 Re6
22. Bf4 Bf8 23. Qh3 Rae8 24. g4 d3 25. gxf5 Qxf5 26. Qxf5 gxf5 27. Rad1 Kf7 28.
f3 Bc5+ 29. Be3 Bxe3+ 30. Rxe3 Kf6 31. Bxe6 Rxe6 32. Rde1 b5 33. Kg2 b4 34. c4
f4 35. Rxe4 Rxe4 36. fxe4 Ke5 37. Kf3 Nd4+ 38. Kf2 Nc2 39. Rd1 Kxe4 40. c5 Ne3
41. Rg1 Kd5 42. Ke1 f3 43. Kf2 Kd4 44. c6 Nd5 45. Rg4+ Kc3 46. Rc4+ Kb2 47. Rd4
Nc7 48. Rxd3 Kxa2 49. Rd7 Nb5 50. Rb7 Kxb3 1-0

[Event "Mondiale Semilampo FIDE 2024"]
[Site "New York"]
[Date "27.12.2024"]
[Round "7.3"]
[White "Dominguez Perez, Leinier"]
[Black "Giri, Anish"]
[Result "1/2-1/2"]
[WhiteTitle "GM"]
[BlackTitle "GM"]
[WhiteElo "2741"]
[BlackElo "2733"]
[WhiteFideId "3503240"]
[BlackFideId "24116068"]
[EventDate "26.12.2024"]

1. e4 c5 2. Nf3 d6 3. d4 cxd4 4. Nxd4 Nf6 5. Nc3 a6 6. Be2 e5 7. Nb3 Be7 8. Be3
Be6 9. f4 exf4 10. Bxf4 Nc6 11. Qd2 d5 12. exd5 Nxd5 13. Nxd5 Qxd5 14. O-O-O
Qxd2+ 15. Rxd2 O-O 16. Rhd1 Rac8 17. Bf3 b5 18. Kb1 Rfe8 19. Bxc6 Rxc6 20. Nd4
Rb6 21. Bc7 Rb7 22. Nxe6 fxe6 23. Rd7 e5 24. c3 e4 25. Kc2 Bg5 26. Bg3 Rxd7 27.
Rxd7 Rd8 28. Rxd8+ Bxd8 29. c4 bxc4 30. Kc3 Bf6+ 31. Kxc4 Bxb2 32. Bf4 Kf7 33.
Kd5 h5 34. h3 Ba3 35. Be3 g6 36. g4 hxg4 37. hxg4 Ke7 38. Kxe4 Ke6 39. Bf4 Bc5
40. a4 Bb6 41. Bg3 Bc5 42. Bf4 Bb6 43. Bg3 Bc5 44. Bf4 Bb6 1/2-1/2

[Event "Mondiale Semilampo FIDE 2024"]
[Site "New York"]
[Date "27.12.2024"]
[Round "7.5"]
[White "Firouzja, Alireza"]
[Black "Sargsyan, Shant"]
[Result "1/2-1/2"]
[WhiteTitle "GM"]
[BlackTitle "GM"]
[WhiteElo "2763"]
[BlackElo "2646"]
[WhiteFideId "12573981"]
[BlackFideId "13306766"]
[EventDate "26.12.2024"]

1. e4 e5 2. Nf3 Nc6 3. Bc4 Nf6 4. d3 Bc5 5. O-O O-O 6. h3 d5 7. exd5 Nxd5 8.
Nbd2 a5 9. a4 f6 10. d4 exd4 11. Nb3 Bb6 12. Nbxd4 Nxd4 13. Nxd4 Kh8 14. c3 Bxd4
15. Qxd4 Nb6 16. Qxd8 Rxd8 17. Bb3 Nd5 18. Re1 Bf5 19. g4 Bg6 20. f4 Bf7 21. f5
Kg8 22. Kf2 Rd7 23. Bc2 Rad8 24. Kg3 h6 25. h4 b6 26. Re2 Re8 27. Rxe8+ Bxe8 28.
g5 hxg5 29. hxg5 fxg5 30. Bxg5 Nf6 31. Re1 Bf7 32. Kh4 Kf8 33. Bf4 Nh5 34. Be5
Re7 35. Kg5 Nf6 36. Bg3 Rxe1 37. Bxe1 Ke7 38. Bg3 Kd7 39. Be5 Nh7+ 40. Kf4 Nf6
41. Bd3 c6 42. Bd4 c5 43. Be5 Ke7 44. Bb5 Kd8 45. c4 Kc8 46. b3 Kd8 47. Bc6 Be8
48. Bxe8 Kxe8 49. Bc7 Nd7 50. Ke4 Nf6+ 51. Ke5 Ke7 52. Kf4 Nd7 53. Kg5 Kf7 54.
Bh2 Nf6 55. Be5 Ne4+ 56. Kf4 Nd2 57. Bc7 Nxb3 58. Bxb6 Nd2 59. Bxa5 Nxc4 60. Bc7
Ke7 61. Ke4 Kd7 62. Be5 Kc6 63. Bxg7 Nd6+ 64. Kf4 Nxf5 65. Kxf5 c4 1/2-1/2

[Event "Mondiale Semilampo FIDE 2024"]
[Site "New York"]
[Date "27.12.2024"]
[Round "7.6"]
[White "Shankland, Sam"]
[Black "Caruana, Fabiano"]
[Result "1/2-1/2"]
[WhiteTitle "GM"]
[BlackTitle "GM"]
[WhiteElo "2672"]
[BlackElo "2805"]
[WhiteFideId "2004887"]
[BlackFideId "2020009"]
[EventDate "26.12.2024"]

1. Nf3 Nf6 2. g3 b5 3. d3 Bb7 4. e4 e6 5. Bg2 c5 6. O-O Be7 7. e5 Nd5 8. c4 Nb6
9. Qe2 O-O 10. Nc3 bxc4 11. dxc4 Nc6 12. Rd1 f6 13. exf6 Bxf6 14. Be3 Bxc3 15.
bxc3 Qe7 16. Ng5 Na5 17. Bxb7 Nxb7 18. Qd3 Rf5 19. h4 Na5 20. g4 Rxg5 21. Bxg5
Qf7 22. Qe2 Naxc4 23. Rd3 Rf8 24. h5 h6 25. Bh4 d5 26. Kg2 e5 27. Rf3 Qxf3+ 28.
Qxf3 Rxf3 29. Kxf3 Kf7 30. Ke2 Ke6 31. Rg1 d4 32. cxd4 exd4 33. g5 Kf5 34. gxh6
gxh6 35. Be7 Na4 36. Bf8 Nc3+ 37. Kd3 Ne5+ 38. Kc2 Ne2 39. Re1 d3+ 40. Kd2 Nf3+
41. Kxd3 Nf4+ 42. Kc4 Nxe1 43. Bxh6 Ne6 44. Be3 Nf3 45. h6 Kg6 46. Bxc5 a6 47.
Be3 Nh2 48. Kb4 Ng4 49. Ka5 Nxe3 50. fxe3 Nc5 51. Kb6 Nd3 52. a4 Kxh6 53. Kxa6
Nc5+ 54. Kb5 Nxa4 55. Kxa4 Kg5 56. Kb4 Kf5 57. Kc3 Ke4 58. Kd2 Ke5 59. e4 Kxe4 1/2-1/2

[Event "Mondiale Semilampo FIDE 2024"]
[Site "New York"]
[Date "27.12.2024"]
[Round "7.8"]
[White "Duda, Jan-Krzysztof"]
[Black "Jacobson, Brandon"]
[Result "1-0"]
[WhiteTitle "GM"]
[BlackTitle "GM"]
[WhiteElo "2740"]
[BlackElo "2583"]
[WhiteFideId "1170546"]
[BlackFideId "30901561"]
[EventDate "26.12.2024"]

1. e4 e5 2. Nf3 Nc6 3. Bb5 a6 4. Ba4 d6 5. O-O Bd7 6. c3 Nge7 7. d4 Ng6 8. Be3
Be7 9. d5 Nb8 10. Bxd7+ Qxd7 11. c4 O-O 12. Nc3 f5 13. exf5 Qxf5 14. Nd2 Nh4 15.
g3 Qg6 16. Kh1 Nf5 17. Nde4 Nd7 18. Qd3 Rf7 19. Rae1 Raf8 20. h3 Nc5 21. Qd1
Nxe4 22. Nxe4 h5 23. Qb1 c5 24. b4 cxb4 25. Qxb4 h4 26. g4 Ng3+ 27. Nxg3 hxg3
28. Qb1 Qf6 29. f3 Qh4 30. Kg2 Bg5 31. c5 Bxe3 32. Rxe3 Qh6 33. Qe1 dxc5 34.
Rxe5 Qf4 35. Qc3 b6 36. d6 Rd8 37. Rd1 Qf6 38. g5 Qg6 39. Qc4 Kf8 40. Qe4 Qxe4
41. fxe4 Rfd7 42. Rf5+ Rf7 43. Kxg3 c4 44. Kf4 c3 45. Rc1 Rxd6 46. Rxc3 g6 47.
Rc8+ Kg7 48. Rxf7+ Kxf7 49. Rc7+ Kf8 50. Ra7 a5 51. Rb7 Rd3 52. h4 Rh3 53. Rxb6
Rxh4+ 54. Ke5 Kf7 55. Ra6 Rg4 56. Ra7+ Ke8 57. Kf6 Rxe4 58. Rxa5 1-0

[Event "Mondiale Semilampo FIDE 2024"]
[Site "New York"]
[Date "27.12.2024"]
[Round "7.9"]
[White "Pichot, Alan"]
[Black "Mamedyarov, Shakhriyar"]
[Result "1/2-1/2"]
[WhiteTitle "GM"]
[BlackTitle "GM"]
[WhiteElo "2637"]
[BlackElo "2738"]
[WhiteFideId "110973"]
[BlackFideId "13401319"]
[EventDate "26.12.2024"]

1. e4 e5 2. Nf3 Nc6 3. Bc4 Nf6 4. d3 d5 5. exd5 Nxd5 6. O-O Bc5 7. Re1 O-O 8.
Nbd2 Nf6 9. h3 h6 10. c3 Re8 11. b4 Bd6 12. a4 a5 13. b5 Nb8 14. Qb3 Be6 15. d4
Bxc4 16. Nxc4 exd4 17. Rxe8+ Nxe8 18. cxd4 Nd7 19. Bd2 b6 20. Rc1 Nf8 1/2-1/2

[Event "Mondiale Semilampo FIDE 2024"]
[Site "New York"]
[Date "27.12.2024"]
[Round "7.14"]
[White "Aronian, Levon"]
[Black "Nesterov, Arseniy"]
[Result "1-0"]
[WhiteTitle "GM"]
[BlackTitle "GM"]
[WhiteElo "2747"]
[BlackElo "2599"]
[WhiteFideId "13300474"]
[BlackFideId "24198455"]
[EventDate "26.12.2024"]

1. e4 e5 2. Bc4 Nf6 3. d3 c6 4. Nf3 d5 5. Bb3 a5 6. a4 Bd6 7. exd5 cxd5 8. Bg5
Be6 9. Nc3 d4 10. Bxf6 gxf6 11. Bxe6 fxe6 12. Nb5 O-O 13. O-O Nc6 14. c3 dxc3
15. bxc3 Qd7 16. Qb3 Kh8 17. Rfe1 Rad8 18. d4 Bb8 19. Rad1 Qf7 20. dxe5 Nxe5 21.
Nbd4 Ba7 22. Nxe5 fxe5 23. Nf3 Rxd1 24. Qxd1 Qf4 25. Qc2 Rg8 26. Nxe5 Rg5 27. g3
Qf6 28. Qe2 Rf5 29. Ng4 Qxc3 30. Qxe6 Rf8 31. Re4 Bd4 32. Qd7 Bc5 33. Qd5 b6 34.
Kg2 Qf3+ 35. Kh3 Qf7 36. Re6 Qf5 37. Re5 Qf7 38. f4 Qxd5 39. Rxd5 Kg7 40. Ne5
Re8 41. Kg4 Kf6 42. Kf3 Rc8 43. Ke4 Bg1 44. Rd6+ Kg7 45. Rd7+ Kg8 46. h3 b5 47.
Rd5 bxa4 48. Rxa5 Rc3 49. g4 Rxh3 50. Rxa4 Rb3 51. g5 Rb8 52. Rc4 Re8 53. Kf3
Bb6 54. Ng4 Kf7 55. Rc6 Rb8 56. Rh6 Kg7 57. Nf6 Bd4 58. Rxh7+ Kg6 59. Kg4 1-0

[Event "Mondiale Semilampo FIDE 2024"]
[Site "New York"]
[Date "27.12.2024"]
[Round "7.16"]
[White "Tari, Aryan"]
[Black "Yu, Yangyi"]
[Result "0-1"]
[WhiteTitle "GM"]
[BlackTitle "GM"]
[WhiteElo "2629"]
[BlackElo "2724"]
[WhiteFideId "1510045"]
[BlackFideId "8603820"]
[EventDate "26.12.2024"]

1. e4 e5 2. Nf3 Nf6 3. Nc3 Nc6 4. h3 Bb4 5. a3 Bxc3 6. dxc3 d6 7. Bd3 Ne7 8. Be3
a5 9. Qe2 Ng6 10. O-O-O Qe7 11. g3 Bd7 12. c4 Bc6 13. Nd2 Nd7 14. f4 Nc5 15. f5
Nf8 16. g4 Nfd7 17. g5 O-O-O 18. b4 Nxd3+ 19. Qxd3 h6 20. h4 axb4 21. axb4 b6
22. Nb1 g6 23. f6 Qe6 24. Nc3 hxg5 25. hxg5 Kb8 26. Nd5 Bb7 27. Kb2 Rxh1 28.
Rxh1 Qg4 29. Ra1 Rh8 30. c5 dxc5 31. bxc5 Nxc5 32. Bxc5 bxc5 33. Qc4 Rd8 34.
Qxc5 Bxd5 35. exd5 Qd4+ 36. Qxd4 exd4 37. Ra5 Re8 38. d6 cxd6 39. Rd5 Kc7 40.
Ra5 Kd7 41. Kb3 Ke6 42. Kc4 Rc8+ 43. Kxd4 Rxc2 44. Ra7 Rc5 45. Re7+ Kf5 46. Rxf7
Kxg5 47. Rd7 Rf5 48. f7 Kh6 49. Ke3 Rf6 50. Rxd6 Rxf7 51. Rd1 g5 52. Rh1+ Kg6
53. Rg1 Rf4 54. Rb1 Kf5 55. Ra1 Kg6 56. Rg1 Rf5 57. Ke4 Rf8 58. Ke3 Rf4 59. Rb1
Rf6 60. Rg1 Rf7 61. Ke4 Rf5 62. Ke3 Kh5 63. Ke4 Rf2 64. Ke3 Rf5 65. Ke4 Rf4+ 66.
Ke3 Rg4 67. Rb1 Rf4 68. Rg1 Rf8 69. Rh1+ Kg6 70. Rg1 Rf4 71. Rb1 Kf5 72. Ra1 Kg6
73. Rg1 Rf5 74. Ke4 Rf8 75. Ke3 Rf7 76. Ke4 Rf5 77. Rg2 Rf1 78. Rb2 Kh5 79. Rh2+
Kg4 80. Rg2+ Kh4 0-1

[Event "Mondiale Semilampo FIDE 2024"]
[Site "New York"]
[Date "27.12.2024"]
[Round "7.17"]
[White "Lazavik, Denis"]
[Black "Praggnanandhaa, R"]
[Result "1-0"]
[WhiteTitle "GM"]
[BlackTitle "GM"]
[WhiteElo "2578"]
[BlackElo "2737"]
[WhiteFideId "13515110"]
[BlackFideId "25059530"]
[EventDate "26.12.2024"]

1. d4 e6 2. Bf4 Nf6 3. e3 b6 4. Nf3 Bb7 5. Bd3 Nh5 6. Bg5 Be7 7. Bxe7 Qxe7 8.
Nbd2 f5 9. c3 O-O 10. O-O c5 11. Re1 Nc6 12. a3 g5 13. h3 Kh8 14. Nh2 Nf6 15. b4
cxd4 16. exd4 Qg7 17. Nc4 Rad8 18. Nd6 Ba8 19. Bf1 Ne7 20. c4 Nc8 21. Nxc8 Rxc8
22. Qd3 g4 23. hxg4 fxg4 24. Re5 Rf7 25. Rae1 Rcf8 26. d5 exd5 27. cxd5 Qg6 28.
Qxg6 hxg6 29. d6 Bd5 30. Bd3 Be6 31. Bxg6 Rg7 32. Bf5 Bxf5 33. Rxf5 g3 34. fxg3
Rxg3 35. Nf3 Nh7 36. Rxf8+ Nxf8 37. Re7 Kg8 38. Ne5 Rxa3 39. Ng4 Rd3 40. Nf6+
Kh8 41. b5 Rxd6 42. Rf7 Rd1+ 43. Kf2 d5 44. Rxf8+ Kg7 45. Nd7 Rb1 46. Ra8 Rxb5
47. Rxa7 Kg6 48. Rb7 Rb2+ 49. Kf3 b5 50. Nc5 Rb1 51. Rd7 Rd1 52. Rb7 Rb1 53. Ne6
Kf5 54. Nd4+ Ke5 55. Rxb5 Rd1 56. Nc2 Rf1+ 57. Kg3 Rc1 58. Ne3 Rc3 59. Kf3 Ke6
60. Rxd5 1-0

[Event "Mondiale Semilampo FIDE 2024"]
[Site "New York"]
[Date "27.12.2024"]
[Round "7.25"]
[White "Suleymanli, Aydin"]
[Black "Vachier-Lagrave, Maxime"]
[Result "1/2-1/2"]
[WhiteTitle "GM"]
[BlackTitle "GM"]
[WhiteElo "2623"]
[BlackElo "2731"]
[WhiteFideId "13413937"]
[BlackFideId "623539"]
[EventDate "26.12.2024"]

1. e4 c5 2. Nf3 d6 3. d4 cxd4 4. Nxd4 Nf6 5. Nc3 a6 6. Bd3 g6 7. O-O Bg7 8. a4
O-O 9. Re1 b6 10. Bf1 Bb7 11. Bg5 Nbd7 12. Qd2 Re8 13. Rad1 Rc8 14. f3 Qc7 15.
Kh1 Ne5 16. Qf2 Nc4 17. Bc1 e6 18. Ndb5 axb5 19. Nxb5 Qb8 20. b3 d5 21. bxc4
dxe4 22. Nd6 exf3 23. gxf3 Rc5 24. Nxe8 Nxe8 25. Kg1 Bf6 26. Be3 Rh5 27. Qg3 Qa8
28. Be2 Bh4 29. Qg4 Bxe1 30. Rxe1 Qxa4 31. Bd3 Qa8 32. Rf1 Bc6 33. Qd4 Qb8 34.
Bf4 e5 35. Bg3 exd4 36. Bxb8 b5 37. cxb5 Bxb5 38. Re1 Ng7 39. Be5 Bxd3 40. Bxg7
Kxg7 41. cxd3 Ra5 42. Re4 Ra4 43. Kf2 h6 44. f4 g5 45. Kf3 Kg6 46. fxg5 hxg5 47.
h4 f5 48. Re6+ Kf7 49. Rh6 gxh4 50. Kf4 Ra5 51. Rxh4 Kg6 52. Rh3 Ra1 53. Ke5
Re1+ 54. Kxd4 f4 55. Rh8 Kf5 56. Rf8+ Kg4 57. Kd5 f3 58. d4 Kg3 59. Kc6 Re6+ 60.
Kc5 Re4 61. d5 Rf4 62. Rxf4 Kxf4 63. d6 f2 64. d7 f1=Q 65. d8=Q 1/2-1/2

[Event "Mondiale Semilampo FIDE 2024"]
[Site "New York"]
[Date "27.12.2024"]
[Round "7.30"]
[White "Makarian, Rudik"]
[Black "Niemann, Hans Moke"]
[Result "1-0"]
[WhiteTitle "IM"]
[BlackTitle "GM"]
[WhiteElo "2547"]
[BlackElo "2734"]
[WhiteFideId "44105681"]
[BlackFideId "2093596"]
[EventDate "26.12.2024"]

1. d4 Nf6 2. c4 e6 3. Nf3 d5 4. g3 Bb4+ 5. Bd2 Be7 6. Bg2 O-O 7. Qc2 Nbd7 8. Bf4
c6 9. Nbd2 Nh5 10. h4 h6 11. e3 b6 12. cxd5 Nxf4 13. exf4 cxd5 14. O-O Bb7 15.
Rfc1 Rc8 16. Qd1 Nf6 17. Bf1 Ne4 18. Bd3 f5 19. Ne5 Bd6 20. Ndf3 Kh7 21. Qe2 Rc7
22. Kg2 Qc8 23. Rxc7 Qxc7 24. Rh1 Kg8 25. Ng6 Rc8 26. Nfe5 Kh7 27. f3 b5 28. Kh3
Nf6 29. g4 Rf8 30. Nxf8+ Bxf8 31. gxf5 1-0